Expert en Rap FR? Spécial vrais prénoms #2 - Statistiques

Statistiques générales
  • Ce quiz a été pris 68 fois
  • Le résultat moyen est 4 sur 16
Statistiques - réponses
Hint Réponse % Correct
Sadek Bourguiba Sadek
71%
Sofiane Zermani Fianso
66%
Mathieu Pruski PLK
58%
Gandhi Djuna Gims
56%
Karim Zenoud Lacrim
31%
Saïd M'Roumbaba Soprano
25%
Nordine Arabat Dinor
15%
Sofien Hakim Manessour Soso Maness
15%
Amira Kiziamina Kalash Criminel
8%
Mihaja Ramiarinarivo Oboy
5%
Julien Bouadjie Tayc
5%
Davy Ngoma Di Malonda Da Uzi
3%
Cédric Matéta Nkomi Keblack
3%
Ruben Louis Timal
3%
Mervin Mvulu Bundu Uzi
2%
Satchela Evrard Djedje Vegedream
2%
Aucun quiz correspondant
Distribution des résultats
% des personnes avec chaque résultat
Percentile par nombre de réponses
Votre historique - résultats
Vous n’avez pas pris ce quiz